Central Library OPAC University of Rajshahi

ন্যাচারোপ্যাথি / (Record no. 39405)

MARC details
000 -LEADER
fixed length control field 00930nam a2200241 a 4500
001 - CONTROL NUMBER
control field 39405
003 - CONTROL NUMBER IDENTIFIER
rucl marc code BD-RjUL
005 - DATE AND TIME OF LATEST TRANSACTION
control field 20211209053002.0
008 - FIXED-LENGTH DATA ELEMENTS--GENERAL INFORMATION
fixed length control field 160410s2014 bg ||||| b||| 00| 0 ben d
020 ## - INTERNATIONAL STANDARD BOOK NUMBER
International Standard Book Number 978984898877X
Terms of availability : TK. 250.00
035 ## - SYSTEM CONTROL NUMBER
System control number (BD-RjUL)
040 ## - CATALOGING SOURCE
Original cataloging agency BD-RjUL
Language of cataloging ben
Transcribing agency BD-RjUL
041 ## - LANGUAGE CODE
Language code of text/sound track or separate title ben
082 ## - DEWEY DECIMAL CLASSIFICATION NUMBER
Edition number 23
Classification number 615.535
Author mark and year PAN 2014
100 ## - MAIN ENTRY--PERSONAL NAME
Personal name পাল, নিশীথ কুমার
9 (RLIN) 119563
245 10 - TITLE STATEMENT
Title ন্যাচারোপ্যাথি /
Statement of responsibility, etc. নিশীথ কুমার পাল
260 ## - PUBLICATION, DISTRIBUTION, ETC. (IMPRINT)
Place of publication, distribution, etc. ঢাকা :
Name of publisher, distributor, etc. বিজয় প্রকাশ,
Date of publication, distribution, etc. ২০১৪
300 ## - PHYSICAL DESCRIPTION
Pagination ১৫৪ পৃ. ;
Size ২২ সেমি.
504 ## - BIBLIOGRAPHY, ETC. NOTE
Bibliography, etc তথ্যপঞ্জি সংযুক্ত
650 ## - SUBJECT ADDED ENTRY--TOPICAL TERM
Topical term or geographic name as entry element প্রাকৃতিক উপায়ে রোগচিকিৎসা
General subdivision জনপ্রিয় কাজ
9 (RLIN) 121477
Topical term or geographic name as entry element Naturopathy
General subdivision Popular work
9 (RLIN) 121478
942 ## - ADDED ENTRY ELEMENTS (KOHA)
Source of classification or shelving scheme Dewey Decimal Classification
Koha item type Books
Holdings
Lost status Source of classification or shelving scheme Damaged status Not for loan Collection code Permanent Location Current Location Shelving location Date acquired Source of acquisition Cost, normal purchase price Total Checkouts Full call number Date last seen Copy number Koha item type
  Dewey Decimal Classification   Not For Loan Non-fiction Central Library, University of Rajshahi Central Library, University of Rajshahi Reading Room 25/05/2014 Botany Department, RU 250.00   B 615.535 PAN 2014 10/04/2016 C-1 Books
  Dewey Decimal Classification     Non-fiction Central Library, University of Rajshahi Central Library, University of Rajshahi   25/05/2014 Botany Department, RU 250.00   B 615.535 PAN 2014 10/04/2016 C-2 Books
  Dewey Decimal Classification     Non-fiction Central Library, University of Rajshahi Central Library, University of Rajshahi   25/05/2014 Botany Department, RU 250.00   B 615.535 PAN 2014 10/04/2016 C-3 Books